[Event "Moscow Aeroflot op-A"]
[Site "Moscow"]
[Date "2003.02.14"]
[Round "4"]
[White "Fressinet, Laurent"]
[Black "Van Wely, Loek"]
[Result "1/2-1/2"]
[WhiteElo "2593"]
[BlackElo "2668"]
[Annotator "Rogozenco,D"]
[PlyCount "72"]
[EventDate "2003.02.10"]
[EventType "swiss"]
[EventRounds "9"]
[EventCountry "RUS"]
[SourceTitle "CBM 094"]
[Source "ChessBase"]
[SourceDate "2003.05.26"]
[SourceVersion "1"]
[SourceVersionDate "2003.05.26"]
[SourceQuality "1"]

1. e4 c5 2. Nf3 Nc6 3. c3 Nf6 4. e5 Nd5 5. d4 cxd4 6. cxd4 d6 7. Bc4 Nb6 8. Bb3
dxe5 9. d5 Na5 10. Nc3 Nxb3 11. Qxb3 e6 12. Nxe5 exd5 13. Be3 Bd6 14. Qb5+ Kf8
15. Nf3 (15. O-O-O Be6 16. Nf3 {is worse, because white king is exposed on the
queenside.} Rc8 $132) 15... Bd7 $5 {An interesting attempt to improve over the
main lines.} (15... Be6 16. O-O $44 {is the main line. White gets sufficient
compensation for the sacrificed pawn.}) 16. Qd3 Na4 $146 (16... Qf6 17. Bxb6
axb6 18. O-O Bc6 19. Nb5 Bf4 20. Nbd4 {and White also had some positional
compensation in Rakow,T-Gara,A/Hamburg 1997.}) 17. Nxa4 Bxa4 18. O-O Qd7 19.
Nd4 {White has enough compensation for the pawn thanks to the strong square d4
at his disposal and Black's problem with the king.} f6 20. Rfe1 Kf7 21. Nf5 Bf8
22. Bf4 Bc6 23. Nd4 {This is a recognition that White "just holds". As long as
White blockades the d-pawn, there is little Black can do, since he cannot
activate his light-squared bishop.} (23. Re3 d4 $5 {Using the fact that White
took away the piece from d4, Black activates his} (23... g5 24. Bg3 h5 {
is another aggressive alternative.}) 24. Nxd4 (24. Rh3 Qd5) ({White cannot
sacrifice a piece, since after} 24. Qxd4 Qxf5 25. Qc4+ {Black can cover the
diagonal with 25...Bd5 or 25...Qd5.}) 24... Rd8 25. Qb3+ Bd5 26. Qc2 b6 $1 {
[%cal Gf8c5]} (26... g6 27. Rd1 (27. Rae1 Bb4 28. Rd1 Rc8 29. Qe2 Rhe8 $11)
27... Qg4 (27... Bg7 28. Ne6 $1) 28. Bg3 Rc8 29. Qd3 $1 (29. Qa4 Rc4 30. Qe8+
Kg7 $15 {[%csl Rd1,Rd4]}) (29. Qd2 Bb4) (29. Qb1 Bc5 30. h3 Qh5 $15) 29... Bc4
30. Qb1 Rd8 (30... Bc5 31. Re4 $36) 31. Qc2 Rxd4 32. Rxd4 Qxd4 33. Re4 $16) 27.
Rd1 Qg4 28. Bg3 Bc5 29. Red3 Rhe8 {and Black sucessfully brings all his pieces
into play.}) 23... Bb4 24. Re2 (24. Bd2 Bxd2 25. Qxd2 Rhe8 26. Qd3 Kg8 {
again, White has same positional compensation thanks to the passivity of
Black's bishop.}) 24... Rac8 25. a3 Bc5 26. Rae1 (26. Nb3 $2 Bb5) 26... Bxd4
27. Qxd4 a6 28. Bd2 (28. Qd3 Rce8 $15) 28... Rhe8 29. Rxe8 Rxe8 30. Rxe8 Qxe8
31. Be3 {Neither side can achieve anything. For White is enough to keep a
blockade on d4. His position is not worse.} Qe6 32. f3 Qf5 33. Qd2 g5 34. Bd4
Qb1+ 35. Kf2 h5 36. h4 Qf5 1/2-1/2

[Event "Montreal 1st"]
[Site "Montreal"]
[Date "2000.08.03"]
[Round "1"]
[White "Charbonneau, Pascal"]
[Black "Lesiege, Alexandre"]
[Result "0-1"]
[WhiteElo "2326"]
[BlackElo "2584"]
[Annotator "Rogozenco,D"]
[PlyCount "54"]
[EventDate "2000.08.03"]
[EventType "tourn"]
[EventRounds "11"]
[EventCountry "CAN"]
[EventCategory "9"]
[SourceTitle "CBM 079"]
[Source "ChessBase"]
[SourceDate "2000.11.21"]
[SourceVersion "1"]
[SourceVersionDate "2000.11.21"]
[SourceQuality "1"]

1. e4 c5 2. c3 Nf6 3. e5 Nd5 4. Nf3 Nc6 5. d4 cxd4 6. cxd4 d6 7. Bc4 Nb6 8. Bb3
dxe5 9. d5 {An aggressive line, in which White sacrifices temporarily a pawn
for quick development. However the practice has shown that Black is out of
danger. Actually it is White who can get in troubles at one point.} Na5 10. Nc3
Nxb3 11. Qxb3 e6 12. Nxe5 (12. Bg5 Be7 13. Rd1 exd5 {is okay for Black.}) 12...
exd5 13. Be3 Bd6 14. Qb5+ Kf8 15. O-O-O (15. Rd1 {On the queenside the
position of white King offers Black additional tactical possibilities, so I
think that the plan withcastle short is at least not worse than 15.0-0-0.} Be6
16. Nf3 Qe8 17. O-O Qxb5 18. Nxb5 Be7 19. b3 $44 {1/2-1/2 Mukhametov,E-Makarov,
M/Omsk 1996/ (41)}) 15... Be6 16. Nf3 (16. f4 Bxe5 17. fxe5 h6 $11 {/=/+ 0-1
Van der Werf,M-Van Wely,L/Wijk aan Zee 1995/ (71)}) 16... Rc8 17. Kb1 h6 $5
$146 {This move is almost in all cases necessary, so why not to make it now?
Still I think 17. ... Nc4 which leads to a pleasant endgame for Black is
better, cause in the game White could play stronger.} (17... Nc4 18. Nxd5 a6
19. Qb3 Qa5 20. Bb6 Nxb6 21. Qxb6 Qxb6 22. Nxb6 Rc6 23. Nd5 {1/2-1/2 Pavasovic,
D-Jelen,I/Ljubljana 1997}) (17... Rc6 $13 {0-1 Sermek,D-Sveshnikov,E/Bled 1996/
(38)}) 18. Rhe1 (18. Bxb6 Qxb6 19. Qxb6 axb6 20. Nxd5 Bc5 $11 {/=/+.}) 18...
Kg8 (18... Nc4 $5 19. Nxd5 a6 20. Qb3 Bf5+ 21. Ka1 Bc2 $5 22. Qxb7 $1 (22. Qxc2
Nxe3 23. Qxc8 Qxc8 24. Rxe3 g6 $17) 22... Bxd1 23. Rxd1 Nxe3 24. fxe3 Qe8 (
24... g6 25. Nb6 $36) 25. Qxa6 Qc6 26. Qxc6 Rxc6 $13) 19. Nd4 ({White missed a
good chance to get the initiative in the endgame:} 19. Bxb6 Qxb6 20. Qxb6 axb6
21. Nd4 $1 (21. Nxd5 Bc5 $15)) 19... Nc4 20. Nxe6 fxe6 21. Bxa7 $2 (21. Bd4 $1
$13) 21... Be5 22. Bd4 Bxd4 23. Rxd4 Qf6 $132 {Suddenly even without the Rook
on h8 Black develops a strong initiative. The King on b1 is a good target and
the pieces lack cooperation; White is in deep troubles already.} 24. Qd7 {
Only helps Black, cause the Queen is on a vulnerable position too. But
difficult to indicate a good way for White anyway.} Kh7 $19 25. Rg4 Nd2+ (25...
Rhd8 26. Qxe6 Re8 $19) (25... Qf5+ 26. Ne4 Qe5 $19) 26. Kc2 Ne4 27. Kb1 Nc5 (
27... Nc5 28. Qb5 Qf5+ 29. Ka1 Qxg4) 0-1

[Event "RUS-ch 53rd"]
[Site "Samara"]
[Date "2000.06.25"]
[Round "9"]
[White "Smirnov, Pavel"]
[Black "Lugovoi, Aleksei"]
[Result "0-1"]
[WhiteElo "2426"]
[BlackElo "2515"]
[Annotator "Rogozenco,D"]
[PlyCount "90"]
[EventDate "2000.06.03"]
[EventType "swiss"]
[EventRounds "11"]
[EventCountry "RUS"]
[SourceTitle "CBM 078"]
[Source "ChessBase"]
[SourceDate "2000.10.18"]
[SourceVersion "1"]
[SourceVersionDate "2000.10.18"]
[SourceQuality "1"]

1. e4 c5 2. c3 d5 3. exd5 Qxd5 4. d4 Nf6 5. Nf3 e6 6. Be2 (6. Bd3 {is the
alternative.}) 6... cxd4 7. cxd4 Nc6 8. O-O Be7 9. Nc3 Qd6 10. Nb5 (10. a3) (
10. Bg5) 10... Qd8 (10... Qb8 $6 11. g3 $36) 11. Bf4 (11. Ne5 {Is a another
logical move, preparing Bf3. However, the practice has proved that Black is
okay after that too.}) 11... Nd5 12. Bg3 a6 13. Nc3 O-O {Now we have the main
position of this line. White tried different moves looking for the optimal
plan, but each time Black succeeded to find a way to neutralize it, although
in many games Black faced serious problems. This game is a good example of
playing such positions.} 14. Rc1 (14. Qb3 {The move first tried by Sveshnikov
caused B;ack some problems at the beginning.} Nf6 $1 {After this reply Black
is doing fine, preparing b5 and Nb7. The Queen on b3 will give Black a tempo
for creating his play on the queenside (Na5).}) 14... Nf6 (14... Nxc3 15. bxc3
Bf6 $11 {is a possible alternative.}) 15. a3 (15. h3 $6 {Against Nh5, but as
the practice has shown, Nh5 is in White's favour. It is more important to
control the square d5 than to lose time and exchange the Knight for the Bishop.
} b6 16. a3 Bb7 17. Bd3 g6 18. Bb1 b5 19. Re1 Rc8 20. Bf4 Na5 21. Ne5 Nc4 $15 {
0-1 Sivokho,S-Lugovoi,A/St Petersburg 1996/(52)}) 15... b6 (15... Nh5 $6 16.
Qd3 (16. Be5 $5 $14 f6 $6 17. Bg3 Nxg3 18. hxg3 $16) 16... Nxg3 17. hxg3 Bf6
18. Rfd1 Ne7 19. Ne5 Nd5 20. Bf3 Nxc3 21. Rxc3 Rb8 22. Rb3 Qd6 23. Nc4 Qd8 24.
Nb6 Bd7 25. a4 $14 Bb5 26. Rxb5 $5 axb5 27. Qxb5 $16 Bxd4 (27... Re8 28. Nd7
Ra8 29. b4 $5 $16 {[%csl Rb7]}) 28. Nd7 Ba7 29. Nxb8 Qxb8 30. Qxb7 Qxb7 31.
Bxb7 Rb8 32. b4 Kf8 33. Rd7 Bb6 34. Bf3 Rd8 35. Rb7 {1-0 Sveshnikov,
E-Savanovic,A/Bled 1999}) 16. Bc4 (16. d5 {leeds to drawish endgame, which is
probably the best thing White can achieve in this line.} exd5 17. Nxd5 Qxd5 18.
Qxd5 Nxd5 19. Rxc6 Bb7 $11 20. Rc2 Rac8 21. Rfc1 Bf6 22. Ne5 Rxc2 23. Rxc2 Rc8
24. Rxc8+ Bxc8 25. Bc4 Bb7 26. a4 Bd8 27. f3 {1/2-1/2 Godena,M-Arlandi,E/
Saint-Vincent ITA 1999}) (16. Qb3 Bb7 17. Rfd1 b5 $5 {[%mdl 32] As usual, with
the Queen on b3 the move b5 is a good reaction. Even with a loss of a tempo 
(b7-b6-b5) Black has counterchanses on the queenside.} 18. Qa2 Qb6 19. d5 exd5
20. Nxd5 Nxd5 21. Rxd5 Rad8 22. Rcd1 $4 (22. Rdd1 $11) 22... Nb4 $1 23. axb4
Bxd5 {0-1 Blauert,J-Petrosian,A/Dortmund 1995} (23... Bxd5 24. Rxd5 Qe6 $19))
16... Bb7 17. Ba2 Nh5 $6 {[%mdl 2048] This is the new move in the position. In
my opinion there was no reason to deviate from the "old and good" 17. ... Rc8.}
(17... Rc8 $11 18. Qd3 b5 19. b4 Qb6 20. Rfd1 Rfd8 21. Bb1 (21. Bh4 $142 $13 {
1/2-1/2 Cherniaev,A-Petrosian,A/Yerevan 1996/ (55)}) 21... g6 22. Qe3 $2 a5 $1
$17 23. bxa5 Nxa5 24. Ne5 Nb3 {0-1 Littlewood,J-Turner,M/GBR 1998}) 18. d5 $1 {
Immediately using the fact that the Knight lost control over d5 square.} exd5
19. Nxd5 Nxg3 20. hxg3 Bf6 $14 {White has a strong Knight on d5 which
considerably limits Black's possibilities. Also important is that b6-pawn is
weak.} 21. Re1 Rc8 (21... Bxb2 22. Rxc6 (22. Rb1 Bxa3 23. Rxb6 Ra7 $13) 22...
Bxc6 23. Ne7+ Kh8 24. Qxd8 Raxd8 25. Nxc6 Rde8 26. Rb1 Bxa3 27. Nce5 Re7 28.
Rxb6 $16) (21... g6 22. Nxf6+ Qxf6 23. Qd7 Rab8 24. b4 $14 {/+/-.}) 22. b4 ({
Here White missed an interesting possibility to activate his Queen.} 22. Nxf6+
$1 Qxf6 23. Qd7 $36 Rb8 (23... Ba8 24. Ne5 Rcd8 25. Rxc6 Qxe5 26. Rxe5 Rxd7 27.
Rxb6 $18) 24. b4 Ba8 $14 (24... Rfd8 25. Qc7 b5 26. Bd5 $1)) 22... g6 23. Qd2 (
23. Nxf6+ Qxf6 24. Qd7 Nxb4 $1 25. axb4 Rxc1 26. Rxc1 Bxf3 27. gxf3 Qb2 28. Rc6
Qxa2 29. Rxb6 a5 30. b5 a4 31. Ra6 Qc4 32. Ra7 Qb3 $11) 23... Kg7 24. Kh1 $2 {
The only way I can explain this extremely strange move is that White probably
wanted to play Re2 so that after Nd4 the Rook won't be taken with check. Very
weird move indeed.} (24. Re2 $2 Nd4 25. Rxc8 $2 Nxe2+ $19) (24. Rcd1 $14 {/+/-.
}) 24... Na7 $1 $11 25. g4 $6 h6 26. Nxf6 (26. Rxc8 $142 Nxc8 27. Rd1 $11)
26... Qxf6 27. Rxc8 Nxc8 $15 28. g5 $6 {All this must have happened in a
severe time trouble for White.} (28. Qd4 Qxd4 29. Nxd4 Rd8 30. Rd1 $1 (30. Nf3
Bxf3 31. gxf3 Rd2 32. Bc4 b5 33. Be2 Ra2 $19) 30... Kf6 $15) 28... hxg5 29. Ne5
$6 (29. Nxg5 Rd8 30. Qe3 Nd6 $17) 29... Qf4 (29... Rd8 $17) 30. Qc3 $2 (30.
Qxf4 gxf4 31. Rd1 $1 {[%cal Gd1d7]} Re8 (31... f3 32. Nxf3 Bxf3 33. gxf3 Re8
34. Kg2 $11 (34. Rd7 Re7 35. Rd8 Rc7 $15)) 32. Rd7 Re7 (32... Rxe5 33. Rxf7+
Kh6 34. Rxb7) 33. Rxe7 Nxe7 34. Nxf7 Kf6 $17) 30... Rh8+ 31. Kg1 Qh2+ $19 32.
Kf1 Qxg2+ 33. Ke2 Re8 34. Kd2 Qxf2+ 35. Re2 Qf4+ 36. Ke1 f6 37. Qc7+ Re7 38.
Qd8 fxe5 39. Rf2 Qe4+ 40. Kf1 Qh1+ 41. Ke2 Qh8 42. Qd2 Qh4 43. Ke1 Qh1+ 44. Ke2
Qe4+ 45. Kf1 Qd4 0-1

[Event "Canadian op"]
[Site "Ottawa"]
[Date "2007.07.11"]
[Round "6"]
[White "Howell, David"]
[Black "Mikhalevski, Victor"]
[Result "1-0"]
[WhiteElo "2519"]
[BlackElo "2598"]
[Annotator "Rogozenco,D"]
[PlyCount "61"]
[EventDate "2007.07.07"]
[EventType "swiss"]
[EventRounds "10"]
[EventCountry "CAN"]
[SourceTitle "CBM 119"]
[Source "ChessBase"]
[SourceDate "2007.08.01"]
[SourceVersion "1"]
[SourceVersionDate "2007.08.01"]
[SourceQuality "1"]

1. e4 c5 2. c3 Nf6 3. e5 Nd5 4. Nf3 Nc6 5. d4 cxd4 6. cxd4 d6 7. Bc4 Nb6 8. Bb5
dxe5 9. Nxe5 Bd7 10. Nxd7 Qxd7 11. Nc3 e6 12. O-O Rd8 13. a4 Be7 14. a5 Nd5 15.
a6 Ndb4 16. axb7 Qxb7 17. Qf3 $146 (17. Qb3 Rd7 18. Ra4 O-O 19. Bxc6 Nxc6 20.
Qxb7 Rxb7 21. d5 Nb4 22. dxe6 fxe6 $11 {1/2-1/2 Nisipeanu,L (2690)-Fedorov,A 
(2617)/Fuegen 2006 (34)}) 17... O-O 18. Be3 a6 (18... Bf6 19. Rfd1 Rb8 20. Qe4
{(~~, Fedorov)}) 19. Ba4 Bf6 ({The correct way to force matters was} 19... Qb6
{at once. Now after} 20. d5 (20. Rfd1 $2 Nxd4 21. Qg4 Bc5 $17) 20... Nd4 21.
Qe4 {Black has} (21. Bxd4 Qxd4 22. dxe6 fxe6 23. Qe2 Bc5 24. Qxe6+ Kh8 $44)
21... Bc5 {equalizing completely.}) 20. Rfd1 {White is marginally better
thanks to his bishop pair, but with accurate play Black should slowly solve
the problems.} Qb6 $2 {This provocative move is just bad for concrete reasons.}
({A possible way to attack pawn d4 and neutralize White's pressure on the long
diagonal was} 20... Qa8 {[%csl Rd4] Then after} 21. Qg4 (21. Qe4 Ne7 22. Qg4
Nf5 $11) {Black can try the aggressive} 21... h5 (21... Ne7 22. Ne4 $36) 22.
Qf4 (22. Qe4 Ne7 $11) (22. Qxh5 Nxd4 $14 {/=}) 22... Ne7 $5 23. Ne4 Nf5 24.
Nxf6+ gxf6 $14 {[%cal Gg8h8,Yf8g8] /~~}) (20... Qc7 21. Qg4 $14) 21. d5 Nd4 22.
Qe4 e5 23. f4 $1 $18 Nxd5 {Other moves lose material as well.} 24. Nxd5 Rxd5
25. Qxd5 Ne2+ 26. Kf2 Qxb2 27. Ra2 $1 Qxa2 28. Qxa2 Nc3 29. Qc4 exf4 30. Bxf4
Nxd1+ 31. Bxd1 1-0

[Event "FRA-chT Gp-B"]
[Site "France"]
[Date "2003.02.01"]
[Round "2.7"]
[White "Brochet, Philippe"]
[Black "Sarthou, Gaetan"]
[Result "1-0"]
[WhiteElo "2407"]
[BlackElo "2375"]
[Annotator "Rogozenco,D"]
[PlyCount "57"]
[EventDate "2003.01.31"]
[EventType "team"]
[EventRounds "7"]
[EventCountry "FRA"]
[SourceTitle "CBM 094"]
[Source "ChessBase"]
[SourceDate "2003.05.26"]
[SourceVersion "1"]
[SourceVersionDate "2003.05.26"]
[SourceQuality "1"]
[WhiteTeam "Nice"]
[BlackTeam "Montpellier"]
[WhiteTeamCountry "FRA"]
[BlackTeamCountry "FRA"]

1. e4 c5 2. c3 Nf6 3. e5 Nd5 4. d4 cxd4 5. Nf3 Nc6 6. cxd4 d6 7. Bc4 Nb6 8. Bb3
dxe5 9. d5 Na5 10. Nc3 f6 {This "ugly-looking" move protects the extra central
pawn. Black must play very careful after it, since he creates obvious
weaknesses in his pawn structure.} (10... Nxb3 11. Qxb3 e6 {is the alternative.
}) 11. Be3 e6 $2 {[%mdl 64] Unexpectedly this natural move allows White
already the decisive combination.} (11... g6) 12. Nxe5 $1 {A nice and precise
punishment. Next several moves are forced.} fxe5 13. Qh5+ g6 14. Qxe5 Nxb3 ({
Leaving the bishop on the board is not a real alternative:} 14... Rg8 15. dxe6
Nc6 16. Qf4 {and no way to protect against Qf7+, for instance} Rg7 17. Qf7+ {
Still!} Rxf7 18. exf7+ Kd7 (18... Ke7 19. Bg5+ $18) 19. O-O-O+ Kc7 20. Nb5+ Kb8
21. Rxd8 {[%cal Ge3f4]}) 15. axb3 Rg8 16. dxe6 {White threatens Qb5+ followed
by Bxb6. Amazingly, Black has no good defence against it. He will end up with
at least one pawn down.} Qd6 (16... Bd6 17. Qb5+ $18) (16... a6 $142 17. Rd1 $5
$16 (17. Bxb6 Qxb6 18. Nd5 Bb4+ 19. Kf1 Qd6 20. Nc7+ (20. Nf6+ Kf8 21. Nxh7+
Ke8 22. Nf6+ Kf8 23. Qxd6+ Bxd6 24. Nxg8 Kxg8 25. Rd1 Be7 26. Re1 a5 $1 {
[%cal Ga8a6]}) 20... Kd8 21. Qxd6+ Bxd6 22. Nxa8 Bxe6 {leaves Black with some
hopes.})) 17. Qb5+ Qc6 18. Bxb6 Bg7 19. O-O Bxc3 20. Qxc6+ bxc6 21. bxc3 Bxe6
22. Bxa7 Bxb3 {Otherwise two pawns up should decide, of course.} 23. Rfe1+ {
The king doesn't find safety even in endgame and will be mated on...e2!} Kf7
24. Reb1 Bc2 25. Rb7+ Ke6 26. Rxh7 Kd5 27. Ra5+ Kc4 28. Rc5+ Kd3 29. Rd7+ (29.
Rd7+ Ke2 (29... Ke4 30. Rd4#) 30. Re5+) 1-0

[Event "Budapest zt 1.4"]
[Site "Budapest"]
[Date "2000.06.20"]
[Round "4"]
[White "Vajda, Levente"]
[Black "Horvath, Csaba"]
[Result "1-0"]
[WhiteElo "2459"]
[BlackElo "2519"]
[Annotator "Rogozenco,D"]
[PlyCount "67"]
[EventDate "2000.06.17"]
[EventType "swiss"]
[EventRounds "9"]
[EventCountry "HUN"]
[SourceTitle "CBM 078"]
[Source "ChessBase"]
[SourceDate "2000.10.18"]
[SourceVersion "1"]
[SourceVersionDate "2000.10.18"]
[SourceQuality "1"]

1. e4 c5 2. c3 d5 3. exd5 Qxd5 4. d4 Nf6 5. Nf3 e6 6. Be3 cxd4 7. cxd4 Nc6 8.
Nc3 Qd6 9. a3 Be7 10. Bd3 b6 11. Rc1 O-O 12. Nb5 {Comparing with a later Nb5,
where Black can decide to place the Queen either on b8 or d8, now this move
forces Black to place the Queen on d7. On the other hand the only way to
exploit the Queen on d7 is by playing Ne5, which was not White's intention in
this game. However, Ne5 doesn't seem to be very dangerous for Black. So it is
not clear what achieves White by playing Nb5 here.} Qd7 13. O-O (13. Ne5 {
This was a logical continuation of the previous move but it doesn't create any
serious problems for Black.} Nxe5 14. dxe5 Nd5 15. Bd2 (15. O-O $5 a6 (15...
Ba6 16. Nc3 Bxd3 17. Qxd3 Rfd8 18. Rfd1 Qe8 19. Nxd5 Rxd5 20. Qe4 Rad8 $11) (
15... Nxe3 16. fxe3 $13) 16. Nd4 Nxe3 17. fxe3 Bb7 $11) 15... Bb7 16. O-O $11)
(13. h4 Bb7 14. Ne5 Qd5 $1 (14... Nxe5 $2 15. dxe5 $18)) 13... Bb7 14. Qe2 (14.
Ne5 $6 Nxe5 15. dxe5 Qd5 (15... Nd5 $2 16. Rc7 Nxc7 17. Bxh7+ $18) 16. f3 Qxe5
17. Re1 Nd5 $1 18. Bxb6 Qg5 19. Bd4 Rad8 $36 20. Re5 Qh6 21. g3 a6 22. Nc3 Bf6
23. Nxd5 Bxe5 24. Bxe5 Rxd5 25. Bf4 Qf6 26. Qc2 Qd4+ 27. Kf1 Qxd3+ 28. Qxd3
Rxd3 29. Rc7 Bxf3 30. Ra7 Rb3 31. Bb8 Rfxb8 32. Rc7 h6 {0-1 Kasrashvili,
A-Vallejo Pons,F/Bratislava 1993 (32)}) 14... Nd5 15. Rfd1 Rfd8 16. Bb1 (16.
Ne5 $142 $5 {It was time for this move.} Nxe5 17. dxe5 g6 (17... a6 18. Nc3 $16
) 18. Bc4 $14) 16... Rac8 $11 {/=/+.} 17. Qd3 g6 18. h4 $2 Ba6 (18... Ncb4 $1 {
[%mdl 64]} 19. Qe2 (19. axb4 Ba6 $19) 19... Nxe3 20. fxe3 Bxf3 21. gxf3 Nd5 $17
{[%csl Re3,Rg1,Rh4]}) 19. a4 Nxe3 $6 (19... Ncb4 20. Qf1 Nc7 $17) 20. fxe3 Qd5
$6 (20... Nb4 21. Qf1 Rxc1 22. Rxc1 Rc8 23. Rxc8+ Qxc8 24. Nxa7 Qd8 $1 $13 {
[%csl Rh4]}) 21. Qf1 $13 Bb7 $6 (21... Nb4 $5 22. Rc3 $1 $13 (22. Ne5 f6 23. e4
Qb3)) 22. Qf2 $36 Bf6 23. Rf1 Bg7 24. Ng5 $16 Rf8 25. Ne4 $1 {White succeeded
to organize a very strong play and Black faces big troubles.} Ba8 $2 {Decisive
mistake after many inaccurate moves.} (25... Ba6 $1 {The only move not to lose
immediately. White still has to find a way to break through.} 26. Nf6+ Bxf6 27.
Qxf6 Qb3 (27... Bxb5 28. axb5 Qxb5 29. Be4 $18 {[%cal Rh4h5]}) 28. Rce1 $1 $36
{[%cal Rh4h5]}) 26. Ned6 $18 Rcd8 27. Be4 Qb3 28. Bxc6 a6 29. Nc7 Bxc6 30. Rxc6
Qb4 31. Nxa6 Qxa4 32. Rxb6 Qa5 33. Nc4 Qd5 34. b3 1-0